000 00623nam a2200205Ia 4500
003 GCL
008 140319s9999 xx 000 0 ara d
040 _aGCL /
_cGCL
082 0 4 _a891.4
_bط ب
100 1 _aشكرى محمد عياد
245 1 0 _aالبيت والعالم /
_cشكرى محمد عياد
700 1 _aطاغور، رابندرانات
700 1 _aمصطفى حبيب
300 _a279 ص
490 _aالالف كتاب
_v0
650 0 4 _aالقصص الهندية
650 0 4 _aالادب العالمى المترجم
650 0 4 _aالادب الهندى المترجم
942 _2ddc
_cBK
999 _c43478
_d43478